<?xml version="1.0" encoding="UTF-8"?>
<record
    xmlns:xsi="http://www.w3.org/2001/XMLSchema-instance"
    xsi:schemaLocation="http://www.loc.gov/MARC21/slim http://www.loc.gov/standards/marcxml/schema/MARC21slim.xsd"
    xmlns="http://www.loc.gov/MARC21/slim">

  <leader>00959cam a22002538i 4500</leader>
  <datafield tag="999" ind1=" " ind2=" ">
    <subfield code="c">57705</subfield>
    <subfield code="d">57705</subfield>
  </datafield>
  <controlfield tag="001">18768584</controlfield>
  <controlfield tag="005">20221107113353.0</controlfield>
  <controlfield tag="008">150824s2016    nyu      b    001 0 eng  </controlfield>
  <datafield tag="010" ind1=" " ind2=" ">
    <subfield code="a">  2015032679</subfield>
  </datafield>
  <datafield tag="020" ind1=" " ind2=" ">
    <subfield code="a">9781259587702 (pbk. : alk. paper)   1</subfield>
  </datafield>
  <datafield tag="080" ind1=" " ind2=" ">
    <subfield code="a">61+615.89 C-29</subfield>
  </datafield>
  <datafield tag="100" ind1="1" ind2=" ">
    <subfield code="a">Toy, Eugene C.,</subfield>
    <subfield code="e">author.</subfield>
    <subfield code="9">9507</subfield>
  </datafield>
  <datafield tag="245" ind1="1" ind2="0">
    <subfield code="a">Case files.</subfield>
    <subfield code="p">Family medicine  /</subfield>
    <subfield code="c">Eugene C. Toy, Donald Briscoe, Bruce Britton, Joel J. Heidelbaugh.</subfield>
  </datafield>
  <datafield tag="250" ind1=" " ind2=" ">
    <subfield code="a">Fourth edition.</subfield>
  </datafield>
  <datafield tag="264" ind1=" " ind2="1">
    <subfield code="a">New York :</subfield>
    <subfield code="b">McGraw-Hill Education,</subfield>
    <subfield code="c">[2016]</subfield>
  </datafield>
  <datafield tag="300" ind1=" " ind2=" ">
    <subfield code="a">691 p.</subfield>
    <subfield code="c">ill.</subfield>
    <subfield code="b">23 cm.</subfield>
  </datafield>
  <datafield tag="650" ind1="1" ind2="2">
    <subfield code="a">Family Practice</subfield>
    <subfield code="v">Problems and Exercises.</subfield>
    <subfield code="9">9509</subfield>
  </datafield>
  <datafield tag="653" ind1=" " ind2=" ">
    <subfield code="a">&#x10E1;&#x10D0;&#x10DD;&#x10EF;&#x10D0;&#x10EE;&#x10DD; &#x10DB;&#x10D4;&#x10D3;&#x10D8;&#x10EA;&#x10D8;&#x10DC;&#x10D0;</subfield>
  </datafield>
  <datafield tag="700" ind1="1" ind2=" ">
    <subfield code="a">Toy Eugene</subfield>
    <subfield code="e">&#x10D0;&#x10D5;&#x10E2;&#x10DD;&#x10E0;&#x10D8;</subfield>
    <subfield code="9">9510</subfield>
  </datafield>
  <datafield tag="700" ind1="1" ind2=" ">
    <subfield code="a">Briscoe, Donald A.,</subfield>
    <subfield code="e">&#x10D0;&#x10D5;&#x10E2;&#x10DD;&#x10E0;&#x10D8;</subfield>
    <subfield code="9">9511</subfield>
  </datafield>
  <datafield tag="700" ind1="1" ind2=" ">
    <subfield code="a">Britton, Bruce,</subfield>
    <subfield code="d">1962- ,</subfield>
    <subfield code="e">&#x10D0;&#x10D5;&#x10E2;&#x10DD;&#x10E0;&#x10D8;</subfield>
    <subfield code="9">9512</subfield>
  </datafield>
  <datafield tag="700" ind1="1" ind2=" ">
    <subfield code="a">Heidelbaugh, Joel J.,</subfield>
    <subfield code="e">&#x10D0;&#x10D5;&#x10E2;&#x10DD;&#x10E0;&#x10D8;</subfield>
    <subfield code="9">9513</subfield>
  </datafield>
  <datafield tag="942" ind1=" " ind2=" ">
    <subfield code="2">udc</subfield>
    <subfield code="c">BK</subfield>
  </datafield>
  <datafield tag="952" ind1=" " ind2=" ">
    <subfield code="0">0</subfield>
    <subfield code="1">0</subfield>
    <subfield code="2">udc</subfield>
    <subfield code="4">0</subfield>
    <subfield code="6">6161589_C29</subfield>
    <subfield code="7">0</subfield>
    <subfield code="9">89559</subfield>
    <subfield code="a">CPL</subfield>
    <subfield code="b">CPL</subfield>
    <subfield code="c">GEN</subfield>
    <subfield code="d">2020-09-10</subfield>
    <subfield code="g">119.31</subfield>
    <subfield code="o">61+615.89 C-29</subfield>
    <subfield code="p">61032</subfield>
    <subfield code="r">2020-09-10</subfield>
    <subfield code="t">61032</subfield>
    <subfield code="w">2020-09-10</subfield>
    <subfield code="y">BK</subfield>
    <subfield code="z">119 &#x10DA;. 31 &#x10D7;.</subfield>
  </datafield>
</record>
